ça va faire du bruit ! (mort subite) - Statistiques

Statistiques générales
  • Ce quiz a été pris 108 fois
    75 depuis la dernière actualisation
  • Le résultat moyen est 8 sur 12
Answers on the Grid
Answers color-coded by a green-red scale on the quiz's grid according to % correct below.
Carillonner
Taire
Siffler
Hurler
Réclamer
Tambouriner
Répandre
Ronfler
Crépiter
Crier
Froisser
Bruire
Rétamer
Eternuer
Renifler
Bourdonner
 
Statistiques - réponses
Réponse % Correct
Hurler
90%
Siffler
87%
Ronfler
82%
Crier
77%
Eternuer
77%
Carillonner
73%
Tambouriner
71%
Bourdonner
69%
Renifler
68%
Crépiter
61%
Froisser
42%
Bruire
29%
Aucun quiz correspondant
Distribution des résultats
% des personnes avec chaque résultat
Percentile par nombre de réponses
Votre historique - résultats
Vous n’avez pas pris ce quiz depuis la dernière actualisation